Estatutos para el régimen y gobierno del Ateneo Enciclopédico del Distrito VII de Barcelona : Instrucción pública gratuita, Beneficencia y Caridad Instrucción pública gratuita, Beneficencia y Caridad

Publicat: Barcelona : Imp. del Ateneo , 1909
Descripció física: [1] f. ; 32 cm

MARC

LEADER 00000nam a2200000Ia 4500
001 19387
003 BGR
005 20260324180151.0
008 160829s1909 xx 000 0 cat d
080 |a 3402, exp. 1 
110 2 |9 70343  |a Ateneu Enciclopèdic del Districte VII (Barcelona) 
245 |a Estatutos para el régimen y gobierno del Ateneo Enciclopédico del Distrito VII de Barcelona :  |b  Instrucción pública gratuita, Beneficencia y Caridad 
260 |a Barcelona :  |b Imp. del Ateneo,  |c 1909 
300 |a [1] f. ;  |c 32 cm 
650 |a Ateneu Enciclopèdic del Districte VII (Barcelona)  |x Estatuts  |9 48382 
901 |a Arxiu 
942 |n 1  |2 udc  |c MON 
952 |0 0  |1 0  |4 0  |6 3402_EXP_1  |7 1  |9 54505  |a Arxiu  |b Arxiu  |d 2016-12-01  |l 0  |o 3402, exp. 1  |p 19387  |r 2016-12-01 00:00:00  |w 2016-12-01  |y ARXIU 
999 |c 58374  |d 58374